| 000 | 00835nam a2200205 a 4500 | ||
|---|---|---|---|
| 003 | 0 | ||
| 005 | 20250522140816.0 | ||
| 008 | 030519s19uu xx 00 eng d | ||
| 050 |
_aPHS LB 1049.5 _b.K56 2003 |
||
| 100 | _aKim, Dong Youn. | ||
| 245 |
_aComparison of the study habits, motivation and attitude of Korean and Filipino high school students from selected Metro Manila schools / _cDong Youn Kim. |
||
| 260 |
_aLas PiƱas City, Philippines : _bSouthville International School and Colleges, _c2003. |
||
| 300 |
_a49 pages ; _c28 cm. |
||
| 504 | _aIncludes bibliographical references. | ||
| 650 |
_aStudy skills _zPhilippines _xCase studies. |
||
| 650 |
_aMotivation in education _zPhilippines _xCase studies. |
||
| 650 |
_aHigh school students _zPhilippines _xAttitudes. |
||
| 650 | _aCross-cultural studies. | ||
| 942 |
_2lcc _cPASS |
||
| 999 |
_c96754 _d96754 |
||